000
00333nam a2200157Ia 4500
100
_a
Kreyszig/Erwin
650
_a
Mathematics
250
_a
9
942
_c
BK
366
_f
25
245
_a
Advanced Engineering Mathematics
260
_b
Wiley India
_c
2006
082
_a
510
_b
KRE
546
_a
ENGLISH
_c
production
999
_c
34460
_d
34460